Το ψηλό παράθυρο
Αποθηκεύτηκε σε:
| Κύριος συγγραφέας: | |
|---|---|
| Μορφή: | Βιβλίο |
| Γλώσσα: | Greek English |
| Δημοσίευση: |
Θεσσαλονίκη :
Παρατηρητής,
1986.
|
| Θέματα: | |
| Ετικέτες: |
Προσθήκη ετικέτας
Δεν υπάρχουν, Καταχωρήστε ετικέτα πρώτοι!
|
MARC
| LEADER | 00000cam a2200000 i 4500 | ||
|---|---|---|---|
| 001 | 1/58716 | ||
| 008 | 141030s1986 gr ||| gre|| | ||
| 020 | |a 9789609487146 | ||
| 035 | |l 10119572 | ||
| 040 | |a GR-MY-UA |b gre |e aacr | ||
| 041 | 1 | |a gre |h eng | |
| 082 | 0 | |a 813 |2 (23) | |
| 100 | 1 | |a Chandler, Raymond, |d 1888-1959. | |
| 245 | 1 | 3 | |a Το ψηλό παράθυρο / |c Ραίημοντ Τσάντλερ ; μετάφραση Βαγγέλης Παραμπούκης. |
| 260 | |a Θεσσαλονίκη : |b Παρατηρητής, |c 1986. | ||
| 300 | |a 285 σ. ; |c 21 εκ. | ||
| 500 | |a Αποκλειστική διάθεση από την εφημερίδα "Κυριακάτικη Ελευθεροτυπία" | ||
| 650 | 0 | 0 | |a American fiction |y 20th century. |
| 852 | |a INST |b SAMOS |e 20161128 |h 813 CHA |p 005300043956 |q 005300043956 |t BK |y 0 | ||
| 852 | |a INST |b SYROS |e 20141030 |h 813 CHA |p 005500012396 |q 005500012396 |t BK |y 0 | ||
| 901 | |a BIBL5-2014-3 | ||
| 909 | |a Ε |b 187148 | ||
| 970 | |a ΚΟΝΤΟΥ |b ΠΑΡΑΣΚΕΥΗ |z 2014/10/30 | ||